Statistics for Saturday Stumper #21

Click here to take the quiz!

General Stats

  • This quiz has been taken 1,725 times
  • The average score is 16 of 24

Answer Stats

HintAnswer% Correct
ggetNugget
96%
rgueArgue
94%
holicAlcoholic
93%
erishCherish
89%
viveRevive
89%
erishPerish
87%
lystCatalyst
85%
viveSurvive
82%
eatyTreaty
76%
inionOpinion
74%
rillThrill
74%
rgueMorgue
73%
vementPavement
70%
brantVibrant
70%
eatySweaty
68%
lystAnalyst
63%
rillShrill
61%
vementMovement
58%
inionDominion
45%
anseExpanse
40%
anseCleanse
38%
brantCelebrant
27%
holicCatholic
26%
ggetHogget
14%

Score Distribution

Percentile by Number Answered

Percent of People with Each Score

Your Score History

You have not taken this quiz